| 000 | 00638nam a2200181Ia 4500 | ||
|---|---|---|---|
| 008 | 090124s9999 xx 000 0 und d | ||
| 082 |
_b1111 _a329 |
||
| 100 | _aटिपणीस गो.गो. | ||
| 245 | _a साक्रेटीस आणि त्याचे विचार | ||
| 250 | _a1 | ||
| 260 | _c1915 | ||
| 300 | _a112+2 | ||
| 600 | _aटिपणीस गो.गो. | ||
| 630 | _a साक्रेटीस आणि त्याचे विचार | ||
| 700 | _aटिपणीस गो.गो. | ||
| 730 | _a साक्रेटीस आणि त्याचे विचार | ||
| 942 | _cBOOK | ||
| 999 |
_c115066 _d115066 |
||